Balkan Cities - Sudden Death - Statistics

General Stats
  • This quiz has been taken 105 times
  • The average score is 11 of 18
Answers on the Grid
Answers color-coded by a green-red scale on the quiz's grid according to % correct below.
Ohrid
Split
Mostar
Urumqi
Ulcinj
Pula
Jiddah
Berat
Kano
Podgorica
Kozhikode
Sarandë
Douala
Budva
Kotor
Dubrovnik
Recife
Prizren
Ekurhuleni
Kumasi
Bekasi
Casablanca
Perast
Zadar
Kragujevac
Bitola
Sanaa
Mashhad
Theth
Thessaloniki
 
Answer Stats
Answer % Correct
Split
89%
Dubrovnik
88%
Podgorica
88%
Mostar
84%
Thessaloniki
74%
Zadar
71%
Kragujevac
67%
Pula
66%
Budva
60%
Kotor
59%
Prizren
59%
Ohrid
58%
Ulcinj
54%
Sarandë
49%
Bitola
41%
Berat
35%
Perast
31%
Theth
16%
No matching quizzes found
Score Distribution
Percent of People with Each Score
Percentile by Number Answered
Your Score History
You have not taken this quiz